AU LIBRARIES
Centralized Library System Across Seven Campuses

Kidaar Sazi (Record no. 47299)

MARC details
000 -LEADER
fixed length control field 00433nam a22001577a 4500
005 - DATE AND TIME OF LATEST TRANSACTION
control field 20260414101912.0
008 - FIXED-LENGTH DATA ELEMENTS--GENERAL INFORMATION
fixed length control field 260414b |||||||| |||| 00| 0 eng d
020 ## - INTERNATIONAL STANDARD BOOK NUMBER
ISBN 979965871058
082 ## - DEWEY DECIMAL CLASSIFICATION NUMBER
Classification number 155.2
Author Mark JAM-K
100 ## - MAIN ENTRY--AUTHOR
Author Name Jameel Muhammad
245 ## - TITLE STATEMENT
Title Kidaar Sazi
260 ## - PUBLICATION, DISTRIBUTION, ETC.
Place of Publication Pakistan
Name of publisher, distributor, etc. Chaudhary Publichers, Fazal Abad Sharif, Darya Gali Murree
Date of publication, distribution, etc. 2003
300 ## - PHYSICAL DESCRIPTION
Pages 127 p,
650 ## - SUBJECT ADDED ENTRY--TOPICAL TERM
Subject / Department Education and Humanities
942 ## - ADDED ENTRY ELEMENTS (KOHA)
Koha item type Book

No items available.

Air University Sector E-9, Islamabad Pakistan
Email: librarian@au.edu.pk  Tel : +0092 51 9262612 Ext: 631